000 002500000a22000970004500
100 1 _aGradwohl, Roland
245 1 0 _aDrei tage und der dritte tag
300 _aVol. 47, Num 3 (Julio, 1997), Páginas 373-378
773 0 _tVetus Testamentum
942 _cANA
999 _c58125
_d58125